Challenging territoriality in human rights law : (Record no. 171637)

MARC details
000 -LEADER
fixed length control field 00960cam a2200277 i 4500
001 - CONTROL NUMBER
control field 18407505
003 - CONTROL NUMBER IDENTIFIER
control field OSt
005 - DATE AND TIME OF LATEST TRANSACTION
control field 20250529103445.0
008 - FIXED-LENGTH DATA ELEMENTS--GENERAL INFORMATION
fixed length control field 141216s2015 enk b 001 0 eng
020 ## - INTERNATIONAL STANDARD BOOK NUMBER
International Standard Book Number 9781138799455 (hardcover)
024 ## - OTHER STANDARD IDENTIFIER
Terms of availability USD 67.00
040 ## - CATALOGING SOURCE
Original cataloging agency DLC
Language of cataloging eng
Transcribing agency DLC
Description conventions rda
Modifying agency NUST
050 00 - LIBRARY OF CONGRESS CALL NUMBER
Classification number KZ1266 CHA
Item number
245 00 - TITLE STATEMENT
Title Challenging territoriality in human rights law :
Remainder of title building blocks for a plural and diverse duty-bearer regime /
Statement of responsibility, etc. edited by Wouter Vandenhole.
260 ## - PUBLICATION, DISTRIBUTION, ETC.
Place of publication, distribution, etc. London: New York;
Name of publisher, distributor, etc. Routledge,
Date of publication, distribution, etc. ©2015
300 ## - PHYSICAL DESCRIPTION
Extent xxi, 209 pages ;
Dimensions 24 cm.
336 ## - CONTENT TYPE
Content type term text
Source rdacontent
Content type code txt
337 ## - MEDIA TYPE
Media type term unmediated
Source rdamedia
Media type code n
338 ## - CARRIER TYPE
Carrier type term volume
Source rdacarrier
Carrier type code nc
504 ## - BIBLIOGRAPHY, ETC. NOTE
Bibliography, etc. note Includes bibliographical references and index.
650 #0 - SUBJECT ADDED ENTRY--TOPICAL TERM
General subdivision International law and human rights.
650 #0 - SUBJECT ADDED ENTRY--TOPICAL TERM
General subdivision Human rights.
650 #0 - SUBJECT ADDED ENTRY--TOPICAL TERM
General subdivision Globalization.
700 1# - ADDED ENTRY--PERSONAL NAME
Personal name Vandenhole, Wouter,
Relator term editor.
942 ## - ADDED ENTRY ELEMENTS (KOHA)
Source of classification or shelving scheme Library of Congress Classification
Koha item type Ordinary Loan Books
Classification part KZ1266.C47CHA
Call number prefix KC
Call number suffix CHA
Suppress in OPAC No
Holdings
Withdrawn status Lost status Source of classification or shelving scheme Damaged status Not for loan Collection Home library Current library Shelving location Date acquired Source of acquisition Cost, normal purchase price Total Checkouts Full call number Barcode Date last seen Accession number Cost, replacement price Price effective from Koha item type Public note
    LCC     NFIC MAIN MAIN GEN 04/16/2025 Book Aid International 67.00   KZ1266 CHA 92004055323 04/16/2025 61259 67.00 04/16/2025 BOOKS Donation